| 000 | 00556nam a22001937a 4500 | ||
|---|---|---|---|
| 003 | KOHA_MİRAKIL | ||
| 005 | 20260324103416.0 | ||
| 008 | 260324b tu ||||| |||| 00| 0 tur d | ||
| 020 | _a9789754068610 | ||
| 040 |
_aTR-AnABB _btur _cTR-AnABB |
||
| 041 | _atur | ||
| 082 |
_a833.912 _bKAF 2009 |
||
| 100 | 1 | _aKafka, Franz | |
| 245 | 1 | 0 |
_aBütün öyküler / _cFranz Kafka ; Türkçesi : Kamuran Şipal |
| 260 |
_aİstanbul : _bCem Yayınevi, _c2016 |
||
| 300 |
_a591 sayfa : _c20 cm |
||
| 650 | 0 | 4 | _aAlman Edebiyatı, öykü |
| 942 |
_2ddc _cBK |
||
| 999 |
_c9997 _d9997 |
||
| 900 | _bCem ÖZOGLU | ||